Nomi Femminili più diffusi con la A - Statistics

Statistiche generali
  • Questo quiz è stato fatto 1.323 volte
    1.321 dall'ultimo reset
  • Il punteggio medio è 13 su 32
Statistiche sulle risposte
# Nome % Corretto
1.558.183 Anna
94%
19.747 Alessia
86%
154.716 Alessandra
85%
16.960 Alice
75%
284.049 Antonia
68%
645.416 Angela
66%
28.271 Aurora
63%
13.189 Arianna
57%
130.250 Annamaria
54%
190.624 Antonella
53%
98.385 Adele
50%
52.292 Agata
47%
91.598 Ada
46%
35.835 Anita
45%
18.112 Alberta
41%
16.202 Angelica
40%
49.900 Alba
39%
164.401 Adriana
36%
51.926 Amalia
34%
188.151 Assunta
34%
79.223 Agnese
33%
24.169 Adelaide
28%
25.535 Alda
26%
23.358 Alma
23%
32.517 Adelina
20%
16.793 Agostina
20%
21.697 Aurelia
17%
42.894 Addolorata
16%
25.933 Albina
14%
91.188 Annunziata
13%
18.988 Adalgisa
11%
15.160 Armida
8%
Nessun quiz corrispondente trovato
Distribuzione punteggi
Percentuale di utenti per punteggio
Percentile per numero di risposta
I tuoi punteggi nel tempo
Non hai fatto questo quiz dall'ultimo reset